000 00597nam a2200229Ia 4500
003 OSt
005 20221007100656.0
006 a|||||r|||| 00| 0
007 ta
008 221006b |||||||| |||| 00| 0 eng d
024 _a4,881
037 _cBound Volume
040 _aLCO
_cLCO
_beng
041 _2eng
_aeng
245 4 _aTHE COMPLETE SUPREME COURT CRIMINAL DIGEST
260 _aLucknow
_bEastern book company
_c1984
300 _a583
490 _vVol - 3A3 -1984
650 _aSUPREME COURT DIGEST
_9431768
942 _cCR
999 _c1174444
_d1174444